000 00604nam a2200205Ia 4500
005 20250923145358.0
008 008 250917s9999 xx 000 0 eng d
037 _aTextual
040 _aDSWL
_beng
_cDSWL
041 _aeng
_2eng
084 _aV243:48'N6-N4, N66
_qDSWL
100 _aNayar, B.R.
_9834683
245 0 _aMinority politics in the Punjabi
_c by B.R. Nayar
260 _aNew Jersey
_b Prenciton University Press
_c1966
300 _avii,373 p.
365 _aINR
_b72 . 0
925 _g72 . 0
942 _cTEXL
_hV243:48'N6-N4, N66
999 _c1450666
_d1450666